00605nam a2200157 a 450000100100000000500170001000800410002704000250006808200150009324500470010826000610015530000300021604900090024695201750025599900170043000003067020200930062437.0110525s1935 dr d 000 | spa d aDO-SdBNPbspacBNPHU axxxbV726a00aVillas Agrícolas :binforme sintético. aSanto Domingo :bImprenta de J. R. Vda. García,c1935. a16 p. :bdiagr. ;c16 cm. aBNPD 001050718RVaPDbPDcCTd2011-05-25iLF1l0oxxx V726ap30670-10r2020-06-25w2020-06-25y1zPerteneció a la biblioteca personal de Julio Ortega Frier.ZNo se presta c30162d30162